Database Management Objectives, System Functions, and Administration

Guardado en:
Detalles Bibliográficos
Autor principal: Everest, Gordon C.
Formato: Libro
Lenguaje:inglés
Publicado: New York MacGraw-Hill Book Co. 1986
Edición:1. ed.
Colección:MacGraw-Hill Series in Management Information Systems
Materias:
Etiquetas: Agregar Etiqueta
Sin Etiquetas, Sea el primero en etiquetar este registro!

MARC

LEADER 00000nam a2200000 4500
001 c019617
005 20221207073430.6
020 |a 0-07-019781-4 
041 0 |a eng 
044 |a US 
245 1 0 |a Database Management  |b Objectives, System Functions, and Administration  |c Gordon C. Everest 
250 |a 1. ed. 
264 1 |a New York  |b MacGraw-Hill Book Co.  |c 1986 
300 |a 816 s. 
490 1 |a MacGraw-Hill Series in Management Information Systems 
830 0 |a MacGraw-Hill Series in Management Information Systems 
610 2 0 |a báza dát 
610 2 0 |a riadenie 
610 2 0 |a riadenie automatizované 
610 2 0 |a systémy informačné manažérske 
610 2 0 |a manažment 
610 2 0 |a vedenie 
610 2 0 |a modely riadenia 
610 2 0 |a kontrola kvality 
610 2 0 |a dáta 
100 1 |a Everest, Gordon C.